=LDR 00000nam 2200000 4500 =001 INLIS000000000030870 =005 20200803100008 =035 ##$$a 0010-061300000030870 =008 200803################g##########0#ind## =041 ##$$a ind =082 ##$$a 2X5.4 =090 ##$$a 2X5.4, Alb r =100 ##$$a Albulmany, Ubaidurrahman =245 1#$$a Rahasia dzikir yang mengasyikkan : $b Panduan dzikir dan doa buat buat remaja dari al Qur'an dan sunnah /$c Ubaidurrahman al-Bulmany =260 ##$$a Jakarta :$b Gen Mirqat,$c 2007 =300 ##$$a Xii,163 hlm, ; $c 21 x 14 cm. =650 #4$$a Do'a dan Wirid =850 ##$$a NBPNMAT =084 ##$$a 2X5.4 ALB r =250 ##$$a cet. 1 =990 ##$$a 20900404 =990 ##$$a 20900402